París 68 : las escrituras, el recuerdo y el olvido /
שמור ב:
| מחבר ראשי: | |
|---|---|
| פורמט: | ספר |
| שפה: | ספרדית |
| יצא לאור: |
Buenos Aires, Argentina :
Manantial,
1998, c1998
|
| סדרה: | (Cuadernos Argentinos)
|
| נושאים: | |
| תגים: |
אין תגיות, היה/י הראשונ/ה לתייג את הרשומה!
|
MARC
| LEADER | 00000nam^a2200000^a^4500 | ||
|---|---|---|---|
| 001 | 000162658 | ||
| 005 | 20250521000000.0 | ||
| 009 | 20260310100840.032 | ||
| 020 | |a 987-500-020-5 | ||
| 037 | |a Acervo ITESO - Biblioteca | ||
| 041 | |a ESP | ||
| 082 | |a 322. 44 |b CAS | ||
| 100 | |a Casullo, Nicolás |e (autor) | ||
| 245 | 1 | 0 | |a París 68 : |b las escrituras, el recuerdo y el olvido / |c N. Casullo. |
| 264 | 4 | |a Buenos Aires, Argentina : |b Manantial, |c 1998, c1998 | |
| 300 | |a 151 p. | ||
| 336 | |a texto |b txt |2 rdacontenido | ||
| 337 | |a sin mediación |b n |2 rdamedio | ||
| 338 | |a volumen |b nc |2 rdasoporte | ||
| 440 | 1 | |a (Cuadernos Argentinos) | |
| 649 | |a XX | ||
| 650 | |a Movimientos Estudiantiles - |z París, Francia | ||
| 650 | |a Movimientos Estudiantiles - |z Francia | ||
| 650 | |a Movimientos Sociales - |z París, Francia | ||
| 650 | |a Movimientos Sociales - |z Francia | ||
| 650 | |a Izquierda, La - |z Francia | ||
| 650 | |a Ideología - |z Francia | ||
| 650 | |a Sociología | ||
| 650 | |a Política - |z París, Francia - |x Historia - |y Quinta República, 1958 en Adelante | ||
| 650 | |a Política - |z París, Francia - |x Historia - |y 1958-1969 | ||
| 650 | |a Política - |z París, Francia - |x Historia - |y Siglo XX | ||
| 650 | |a Política - |z Francia - |x Historia - |y Quinta República, 1958 en Adelante | ||
| 650 | |a Política - |z Francia - |x Historia - |y 1958-1969 | ||
| 650 | |a Política - |z Francia - |x Historia - |y Siglo XX | ||
| 650 | |a París, Francia - |x Historia - |y Quinta República, 1958 en Adelante | ||
| 650 | |a París, Francia - |x Historia - |y 1958-1969 | ||
| 650 | |a París, Francia - |x Historia - |y Siglo XX | ||
| 650 | |a Francia - |x Historia - |y Quinta República, 1958 en Adelante | ||
| 650 | |a Francia - |x Historia - |y 1958-1969 | ||
| 650 | |a Francia - |x Historia - |y Siglo XX | ||
| 910 | |a Fondo General | ||
| 920 | |a Impresos - Libros | ||
| 930 | |a Colección General | ||
| 905 | |a 101 | ||
| 901 | |a 0500095564 |b IT1 |c ACC |u 20250521 | ||
| 902 | |a https://opac.biblio.iteso.mx/vufind/Record/000162658 | ||